Manual de educación física adaptada al alumnado con discapacidad
Gardado en:
| Autor Principal: | |
|---|---|
| Formato: | Libro |
| Idioma: | Lingua castelá |
| Publicado: |
Barcelona
Paidotribo
2003
|
| Edición: | 2a. ed |
| Subjects: | |
| Tags: |
Engadir etiqueta
Sen Etiquetas, Sexa o primeiro en etiquetar este rexistro!
|
MARC
| LEADER | 00000cam a2200000 a 4500 | ||
|---|---|---|---|
| 001 | UCL6349 | ||
| 003 | CL-VaPUC | ||
| 008 | 040402e20030000SP |||||||||||||||||spa|d | ||
| 020 | |a 8480196858 | ||
| 082 | 0 | 4 | |a 796.087 |b RIO |2 21 |
| 100 | 0 | |a Ríos Hernández, Merche |e author |9 484004 | |
| 245 | 1 | 0 | |a Manual de educación física adaptada al alumnado con discapacidad |
| 250 | |a 2a. ed | ||
| 300 | |a 392 p | ||
| 942 | |c BK | ||
| 945 | |d 20040402 00:00:00 |a cmena | ||
| 260 | |a Barcelona |b Paidotribo |c 2003 | ||
| 650 | 0 | |a Educación física |9 240893 | |
| 650 | 0 | |a Educación especial |9 307486 | |
| 650 | 0 | |a Métodos de enseñanza |9 270413 | |
| 650 | 0 | |a Planificación del currículo |9 269599 | |
| 650 | 7 | |a MINUSVALIDOS FISICOS |2 CL-VaPUC |9 334759 | |
| 583 | |a last modification |c 20150311 06:13:05 |k Rodrigo Vera | ||
| 999 | |c 308461 |d 308459 | ||
| 952 | |0 0 |1 0 |4 0 |6 796_087000000000000_RIO_2003 |7 0 |8 A |9 374996 |a BIBEDU |b BIBEDU |d 2019-11-21 |i 4001915 |o 796.087 RIO 2003 |p 4001915 |r 2019-11-21 |w 2019-11-21 |y BK |k EFI | ||
| 952 | |0 0 |1 0 |4 0 |6 796_087000000000000_RIO_2003 |7 0 |8 A |9 374997 |a BIBEDU |b BIBEDU |d 2019-11-21 |i 4001923 |o 796.087 RIO 2003 |p 4001923 |r 2019-11-21 |w 2019-11-21 |y BK |k EFI | ||
| 952 | |0 0 |1 0 |3 erb |4 0 |6 796_087000000000000_RIO_2003 |7 0 |8 A |9 374998 |a BIBEDU |b BIBEDU |i 5140692 |o 796.087 RIO 2003 |p 5140692 |r 2019-11-21 |w 2019-11-21 |y BK |z Catalogado en:20150312 |k EFI | ||
| 952 | |0 0 |1 0 |3 erb |4 0 |6 796_087000000000000_RIO_2003 |7 0 |8 A |9 374999 |a BIBEDU |b BIBEDU |i 5140706 |l 2 |o 796.087 RIO 2003 |p 5140706 |r 2023-03-17 |s 2023-03-06 |w 2019-11-21 |y BK |z Catalogado en:20150312 |k EFI | ||